000 00266nam a22001217a 4500
008 190315b xxu||||| |||| 00| 0 eng d
041 _aeng
080 _a043.3
100 _a0
101 _aSHKI-BA
245 _aE-Qendra për punëaim
_cAbdili,T
942 _2udc
_cBK
999 _c54833
_d54833